000 01129nam a2200241Ia 4500
003 OSt
005 20210115102144.0
008 191128s1994 ck gr 100 0 spa d
040 _aCO-JMCR
_cCO-JMCR
041 0 _aspa
082 0 4 _a350.996 /
_bB238h
_223
100 1 _aBarbosa Cardona, Octavio,
_eCompilador
_99424
245 1 0 _aHacia la transparencia en la gestión pública /
_ccompiladores Octavio Barbosa Cardona y Juan Enrique Niño Guarín
260 _aBogotá :
_bESAP,
_c1994
300 _a226 páginas ;
_c23 cm.
490 0 _aDocumentos ESAP
504 _aBibliografía: páginas 225-226
505 0 _tLa ESAP y la cultura del control /
_rOctavio Barbosa Cardona
_tCorrupción en la administración de justicia /
_rRafael Ballen
_t Los sistemas perversos de la corrupción institucionalizada /
_rJorge Ricardo Etkin
_tPeriodistas, medios de comunicación
650 1 4 _aCorrupción administrativa
_vensayos, conferencias, etc.
_zColombia
_99422
650 1 4 _aCorrupción en la Justicia
_vensayos, conferencias, etc.
_zColombia
_99423
700 1 _aNiño Guarin, Juan Enrique,
_ecompilador
_99425
942 _2ddc
_cBK
999 _c4433
_d4433